| 000 | 00912nam a2200289 4500 | ||
|---|---|---|---|
| 001 | 143299 | ||
| 003 | ES-MaACL | ||
| 005 | 20250911062655.0 | ||
| 007 | t| | ||
| 008 | 070214s1973 sp r ||||1| spa d | ||
| 020 | _a84-233-0813-8 | ||
| 080 | _a821.134.2-31"19" | ||
| 100 | 1 |
_aSender, Ramón J., _d1901-1982 _9105441 |
|
| 245 | 1 | 0 |
_aCrónica del alba. _n1 / _cRamón J. Sender. |
| 250 | _a1ª ed. | ||
| 260 |
_aBarcelona : _bDestino, _c1973. |
||
| 300 |
_a1 v. : _bil. ; _c19 cm. |
||
| 490 | 1 |
_aÁncora y delfín ; _v405 |
|
| 505 | 8 | _aContiene: Crónica del alba ; Hipógrifo violento ; La "quinta Julieta" ; El mancebo y los héroes ; La onza de oro | |
| 740 | 0 | 2 | _aHipógrifo violento. |
| 740 | 4 | 2 | _aLa "quinta Julieta" |
| 740 | 3 | 2 | _aEl mancebo y los héroes. |
| 740 | 3 | 2 | _aLa onza de oro. |
| 830 | 1 | 0 |
_aÁncora y Delfín _v405 _9151298 |
| 852 | 4 |
_aES-MaACL _jP-1424 |
|
| 999 |
_c143299 _d143299 |
||